000 00577nam a2200181Ia 4500
008 090630s9999 xx 000 0 und d
082 _b16726
100 _aहुद्दार मधुकर.
245 _aब्लडी हेल !.
_cहुद्दार मधुकर.
260 _bऋचा.
300 _a0
600 _aहुद्दार मधुकर.
630 _aब्लडी हेल !.
655 _aकादंबरी.
700 _aहुद्दार मधुकर.
730 _aब्लडी हेल !.
942 _cBOOK
999 _c268582
_d268582